000
00270nam a22001097a 4500
008
170111b xxu||||| |||| 00| 0 eng d
020
_a
9780397557585
041
_a
eng
080
_2
4TH
_a
618.2
245
_a
PSYCHIATRIC-MNTAL HEALTH NURSING
_c
JOHNSON, B.S
942
_2
udc
_c
BK
999
_c
2712
_d
2712